<?xml version="1.0" encoding="UTF-8"?>
<record
    xmlns:xsi="http://www.w3.org/2001/XMLSchema-instance"
    xsi:schemaLocation="http://www.loc.gov/MARC21/slim http://www.loc.gov/standards/marcxml/schema/MARC21slim.xsd"
    xmlns="http://www.loc.gov/MARC21/slim">

  <leader>00798    a2200217   4500</leader>
  <datafield tag="952" ind1=" " ind2=" ">
    <subfield code="0">0</subfield>
    <subfield code="1">0</subfield>
    <subfield code="4">0</subfield>
    <subfield code="7">0</subfield>
    <subfield code="8">NFIC</subfield>
    <subfield code="a">CCL</subfield>
    <subfield code="b">CCL</subfield>
    <subfield code="c">GEN</subfield>
    <subfield code="d">2023-09-14</subfield>
    <subfield code="l">0</subfield>
    <subfield code="o">JQ1631DOI2009</subfield>
    <subfield code="p">032902</subfield>
    <subfield code="r">2023-09-14 00:00:00</subfield>
    <subfield code="t">c.1</subfield>
    <subfield code="w">2023-09-14</subfield>
    <subfield code="y">BK</subfield>
  </datafield>
  <datafield tag="999" ind1=" " ind2=" ">
    <subfield code="c">10997</subfield>
    <subfield code="d">10997</subfield>
  </datafield>
  <datafield tag="020" ind1=" " ind2=" ">
    <subfield code="a">9781847203625 (hbk.)</subfield>
  </datafield>
  <datafield tag="020" ind1=" " ind2=" ">
    <subfield code="a">1847203620 (hbk.)</subfield>
  </datafield>
  <datafield tag="050" ind1="0" ind2="0">
    <subfield code="a">JQ1631</subfield>
    <subfield code="b">.D63 2009</subfield>
  </datafield>
  <datafield tag="100" ind1="1" ind2=" ">
    <subfield code="a">Ihori, Toshihiro,</subfield>
    <subfield code="d">1952-</subfield>
  </datafield>
  <datafield tag="245" ind1="1" ind2="4">
    <subfield code="a">The public sector in Japan :</subfield>
    <subfield code="b">past developments and future prospects /</subfield>
    <subfield code="c">Toshihiro Ihori and Takero Doi.</subfield>
  </datafield>
  <datafield tag="264" ind1=" " ind2=" ">
    <subfield code="a">Cheltenham:</subfield>
    <subfield code="b">Edward Elgar,</subfield>
    <subfield code="c">c.2009</subfield>
  </datafield>
  <datafield tag="300" ind1=" " ind2=" ">
    <subfield code="a">xii, 320 pages</subfield>
    <subfield code="b">illustrations.</subfield>
  </datafield>
  <datafield tag="336" ind1=" " ind2=" ">
    <subfield code="1">text</subfield>
    <subfield code="2">rda content</subfield>
    <subfield code="3">tx</subfield>
  </datafield>
  <datafield tag="337" ind1=" " ind2=" ">
    <subfield code="1">unmediated</subfield>
    <subfield code="2">rda media</subfield>
    <subfield code="3">n</subfield>
  </datafield>
  <datafield tag="338" ind1=" " ind2=" ">
    <subfield code="1">volume</subfield>
    <subfield code="2">rda carrier</subfield>
    <subfield code="3">nc</subfield>
  </datafield>
  <datafield tag="504" ind1=" " ind2=" ">
    <subfield code="a">Includes bibliographical references and index.</subfield>
  </datafield>
  <datafield tag="650" ind1=" " ind2="0">
    <subfield code="a">Public administration</subfield>
  </datafield>
  <datafield tag="700" ind1="1" ind2=" ">
    <subfield code="a"></subfield>
    <subfield code="d">1970-</subfield>
  </datafield>
  <datafield tag="942" ind1=" " ind2=" ">
    <subfield code="2">lcc</subfield>
    <subfield code="c">BK</subfield>
    <subfield code="h">1631</subfield>
    <subfield code="i">DOI</subfield>
    <subfield code="k">JQ</subfield>
  </datafield>
</record>
